000 00708nam a2200229 i 4500
001 93393
003 ES-MaACL
005 20240125164729.0
007 t|
008 050525s2003 sp ||||1| spa d
020 _a84-87943-55-1
080 _a1 Kant, Immanuel
100 1 _aPalacios, Juan Miguel.
_988407
245 1 3 _aEl pensamiento en la acción
_b: estudios sobre Kant /
_cJuan Miguel Palacios.
260 _aMadrid :
_bCaparrós,
_c2003.
300 _a158 p. ;
_c21 cm.
490 1 _aEsprit ;
_v52
600 1 4 _aKant, Immanuel,
_d1724-1804-
_xCrítica e interpretación
_967497
830 0 _aEsprit ;
_v52
_9179551
852 _aES-MaACL
_jL-29122
_bR.135566
999 _c93393
_d93393